[Event "Erfurt Seniors op 24th"]
[Site "Erfurt"]
[Date "2014.12.30"]
[Round "5"]
[White "Wolf, Mario1"]
[Black "Knosowski, Hans Josef"]
[Result "1-0"]
[WhiteElo "1832"]
[BlackElo "1857"]
[PlyCount "59"]
[EventDate "2014.12.26"]
[EventType "swiss"]
[EventRounds "7"]
[EventCountry "GER"]
[SourceTitle "EXT 2016"]
[Source "ChessBase"]
[SourceDate "2015.10.08"]
[SourceVersion "1"]
[SourceVersionDate "2015.10.08"]
[SourceQuality "1"]

1. c4 e5 2. Nc3 d6 3. g3 f5 4. Bg2 Nf6 5. d4 Be7 6. e3 c6 7. d5 0-0 8. Nge2 Bd7 9. e4 c5 10. 0-0 Na6 11. f4 Nxe4 12. Nxe4 fxe4 13. Nc3 Bf6 14. fxe5 Bxe5 15. Rxf8+ Qxf8 16. Nxe4 b5 17. Qe2 bxc4 18. Bf4 Rd8 19. Rf1 Bxf4 20. Rxf4 Qe7 21. Qxc4 Nc7 22. Qc3 Nb5 23. Qd2 Nd4 24. h4 Bb5 25. Kh2 Be2 26. Qe3 Bh5 27. Qf2 Bg6 28. Nc3 Ne2 29. Nxe2 Qxe2 30. Rf8+ 1-0

[Event "Erfurt Seniors op 23rd"]
[Site "Erfurt"]
[Date "2013.12.26"]
[Round "1"]
[White "Siegmund, Rainer"]
[Black "Knosowski, Hans Josef"]
[Result "1-0"]
[WhiteElo "2140"]
[BlackElo "1884"]
[PlyCount "59"]
[EventDate "2013.12.26"]
[EventType "swiss"]
[EventRounds "5"]
[EventCountry "GER"]
[SourceTitle "EXT 2016"]
[Source "ChessBase"]
[SourceDate "2015.10.08"]
[SourceVersion "1"]
[SourceVersionDate "2015.10.08"]
[SourceQuality "1"]

1. d4 d5 2. c4 e6 3. Nc3 Nf6 4. cxd5 exd5 5. Bg5 Be7 6. e3 h6 7. Bh4 Bf5 8. Bxf6 Bxf6 9. Qb3 Be6 10. Qxb7 Nd7 11. Qb3 c6 12. Bd3 0-0 13. Nge2 Rb8 14. Qc2 Qb6 15. Rb1 c5 16. 0-0 cxd4 17. exd4 Rfc8 18. Qd1 Qd6 19. Nb5 Qb6 20. Qa4 a6 21. Nbc3 Rc6 22. h3 Be7 23. a3 Rbc8 24. Nf4 Bf6 25. Nfxd5 Qb7 26. Be4 Bxd5 27. Bxd5 Nb6 28. Bxc6 Rxc6 29. Qd1 Rd6 30. Qf3 1-0

[Event "Bad Godesberg op 17th"]
[Site "Bad Godesberg"]
[Date "2013.08.07"]
[Round "5"]
[White "Barning, Gerhard"]
[Black "Knosowski, Hans Josef"]
[Result "0-1"]
[WhiteElo "1654"]
[BlackElo "1907"]
[PlyCount "66"]
[EventDate "2013.08.03"]
[EventType "swiss"]
[EventRounds "9"]
[EventCountry "GER"]
[SourceTitle "CBM 155 Extra"]
[Source "ChessBase"]
[SourceDate "2013.08.26"]
[SourceVersion "1"]
[SourceVersionDate "2013.08.26"]
[SourceQuality "1"]

1. d4 d5 2. c4 e6 3. e3 Nf6 4. Nc3 Be7 5. Bd3 0-0 6. Nf3 c6 7. 0-0 Nbd7 8. Re1 dxc4 9. Bxc4 b5 10. Bd3 a6 11. a3 Bb7 12. b4 Bd6 13. h3 e5 14. dxe5 Nxe5 15. Be2 Qe7 16. Bb2 Rfd8 17. Qc2 Rac8 18. Nd4 Bb8 19. Nb3 Qc7 20. f4 Ned7 21. Bf3 c5 22. Bxb7 Qxb7 23. bxc5 Nxc5 24. Nxc5 Rxc5 25. Qd2 Re8 26. Qf2 Qc7 27. Rac1 Rd8 28. e4 Ba7 29. Kh1 Rxc3 30. Qh4 Rxc1 31. Rxc1 Qb6 32. e5 Ne4 33. Bd4 Qxd4 0-1

[Event "Bad Godesberg op 17th"]
[Site "Bad Godesberg"]
[Date "2013.08.03"]
[Round "1"]
[White "Pislaru, Adrian Maximilian"]
[Black "Knosowski, Hans Josef"]
[Result "0-1"]
[WhiteElo "1181"]
[BlackElo "1907"]
[PlyCount "108"]
[EventDate "2013.08.03"]
[EventType "swiss"]
[EventRounds "9"]
[EventCountry "GER"]
[SourceTitle "CBM 155 Extra"]
[Source "ChessBase"]
[SourceDate "2013.08.26"]
[SourceVersion "1"]
[SourceVersionDate "2013.08.26"]
[SourceQuality "1"]

1. Nf3 d5 2. g3 Nf6 3. Bg2 c5 4. d3 Nc6 5. Nbd2 e6 6. e4 Be7 7. 0-0 0-0 8. Re1 dxe4 9. dxe4 e5 10. c3 Qc7 11. Qc2 Rd8 12. h4 b6 13. Ng5 h6 14. Ngf3 Ba6 15. Qa4 Bd3 16. a3 b5 17. Qd1 Bxe4 18. Qe2 Bd3 19. Qd1 Rab8 20. Bf1 Bxf1 21. Rxf1 b4 22. axb4 cxb4 23. Qa4 e4 24. Nh2 e3 25. Ndf3 exf2+ 26. Kxf2 Bc5+ 27. Kg2 Re8 28. Bf4 Re2+ 29. Kh1 Bd6 30. Qd1 Re6 31. Bxd6 Qxd6 32. Qxd6 Rxd6 33. Rfd1 Rxd1+ 34. Rxd1 Ne4 35. Kg2 bxc3 36. bxc3 Rb2+ 37. Kg1 Nxc3 38. Rd6 Ne2+ 39. Kf2 Ned4+ 40. Kf1 Nxf3 41. Nxf3 Rb6 42. Rd1 Kf8 43. Re1 a5 44. Ra1 Rb5 45. Kg2 Ke7 46. Re1+ Kd7 47. Rd1+ Kc7 48. Rc1 Kb6 49. g4 a4 50. g5 hxg5 51. hxg5 a3 52. Ra1 Rb2+ 53. Kg3 a2 54. Ne1 Nb4 0-1

[Event "Prague Holiday K31"]
[Site "Prague"]
[Date "2010.08.05"]
[Round "7"]
[White "Svitak, David"]
[Black "Knosowski, Hans Josef"]
[Result "1-0"]
[WhiteElo "1914"]
[BlackElo "1994"]
[PlyCount "53"]
[EventDate "2010.08.01"]
[EventType "tourn"]
[EventRounds "9"]
[EventCountry "CZE"]
[SourceTitle "EXT 2023"]
[Source "ChessBase"]
[SourceDate "2022.10.05"]
[SourceVersion "1"]
[SourceVersionDate "2022.10.05"]
[SourceQuality "1"]

1. e4 e5 2. Nf3 Nc6 3. Bc4 Nf6 4. d3 Be7 5. c3 d6 6. h3 Na5 7. Nbd2 c5 8. 0-0 0-0 9. a4 Nxc4 10. Nxc4 Bd7 11. Ne3 h6 12. Nh2 Nh7 13. Nd5 Nf6 14. Nxf6+ Bxf6 15. Ng4 Bg5 16. f4 exf4 17. Bxf4 Bxf4 18. Rxf4 Qg5 19. Qf3 Rab8 20. Rf1 Be6 21. h4 Qe7 22. Nxh6+ gxh6 23. Rf6 Kg7 24. Qg3+ Kh7 25. Qf4 Rh8 26. Rxh6+ Kg8 27. Qg3+ 1-0

[Event "Prague Holiday K31"]
[Site "Prague"]
[Date "2010.08.03"]
[Round "4"]
[White "Knosowski, Hans Josef"]
[Black "Koper, Stefan"]
[Result "0-1"]
[WhiteElo "1994"]
[BlackElo "2020"]
[PlyCount "106"]
[EventDate "2010.08.01"]
[EventType "tourn"]
[EventRounds "9"]
[EventCountry "CZE"]
[SourceTitle "EXT 2023"]
[Source "ChessBase"]
[SourceDate "2022.10.05"]
[SourceVersion "1"]
[SourceVersionDate "2022.10.05"]
[SourceQuality "1"]

1. e4 g6 2. d4 d5 3. Nc3 dxe4 4. Nxe4 Bg7 5. Be3 c6 6. Bc4 Nh6 7. c3 0-0 8. Ne2 Nf5 9. Bf4 Nd6 10. Nxd6 exd6 11. 0-0 d5 12. Bd3 a5 13. Qd2 a4 14. Rfe1 Na6 15. b4 b5 16. a3 Nc7 17. Bxc7 Qxc7 18. Qf4 Qd8 19. Ng3 Be6 20. Nf1 Qd7 21. Nd2 Rae8 22. Nf3 f6 23. Re2 g5 24. Qd2 Bf5 25. Rae1 Bg6 26. Qc2 Kf7 27. h3 Rxe2 28. Bxg6+ hxg6 29. Rxe2 Qf5 30. Qxf5 gxf5 31. Ne1 Rh8 32. Nd3 Bf8 33. f4 g4 34. hxg4 fxg4 35. g3 Bd6 36. Nf2 Rg8 37. Nd3 Rg6 38. Ne1 Rh6 39. Rh2 Rxh2 40. Kxh2 Kg6 41. Kg2 Kf5 42. Kf2 Ke4 43. Ke2 Bxf4 44. gxf4 Kxf4 45. Nd3+ Kg3 46. Ke3 Kg2 47. Nf4+ Kf1 48. Nh5 f5 49. Ng3+ Ke1 50. Nxf5 Kd1 51. Ne7 Kc2 52. Nxc6 Kxc3 53. Ne7 Kb3 0-1